Kliknij powiaty województwa pomorskiego na mapie - Statystyki

Ogólne statystyki
  • Ten quiz został rozwiązany 2 964 razy
  • Średni wynik to 14 z 20
Odpowiedzi na mapie
Odpowiedzi zakodowano w zielono-czerwonej skali na mapie do tego quizu, zgodnie z poniższymi procentami.
 
Statystyki odpowiedzi
Odpowiedź % Poprawnych
Gdynia
88%
Gdańsk
87%
Sopot
86%
słupski
83%
Słupsk
79%
pucki
77%
gdański
75%
wejherowski
75%
lęborski
66%
kartuski
65%
kościerski
61%
nowodworski
61%
bytowski
59%
człuchowski
59%
tczewski
59%
chojnicki
58%
malborski
58%
kwidzyński
56%
starogardzki
56%
sztumski
50%
Nie znaleziono quizów pasujących do podanych kryteriów
Rozkład punktacji
Procent ludzi z każdym wynikiem
Percentyl według liczby udzielonych odpowiedzi
Twoja historia wyników
Nie rozwiązałeś tego quizu